Formy vnútropodnikovej komunikácie v podniku
Prehľad možností vnútropodnikovej komunikácie. Komunikácia medzi ľuďmi v organizácii na rovnakých pozíciách, komunikácia medzi nadriadeným a podriadeným pracovníkom. Formálna a neformálna komunikácia, vertikálna, horizontálna a diagonálna komunikácia. Manažérska komunikácia, jej základné a špecifick...
Saved in:
| Main Author: | |
|---|---|
| Format: | Book Chapter |
| Language: | Slovak |
| Subjects: | |
| Tags: |
No Tags, Be the first to tag this record!
|
MARC
| LEADER | 00000naa a2200000 4500 | ||
|---|---|---|---|
| 001 | 0259585 | ||
| 005 | 20240502074115.7 | ||
| 041 | 0 | |a slo | |
| 044 | |a SK | ||
| 245 | 1 | 0 | |a Formy vnútropodnikovej komunikácie v podniku |c Terézia Barlašová |
| 520 | |a Prehľad možností vnútropodnikovej komunikácie. Komunikácia medzi ľuďmi v organizácii na rovnakých pozíciách, komunikácia medzi nadriadeným a podriadeným pracovníkom. Formálna a neformálna komunikácia, vertikálna, horizontálna a diagonálna komunikácia. Manažérska komunikácia, jej základné a špecifické typy a funkcie manažérskej komunikácie. | ||
| 610 | 2 | 0 | |a komunikácia manažérska |
| 610 | 2 | 0 | |a komunikácia firemná |
| 610 | 2 | 0 | |a komunikácia verbálna |
| 610 | 2 | 0 | |a manažéri |
| 610 | 2 | 0 | |a podnik |
| 100 | 1 | |a Barlašová, Terézia | |